Sociálna ekonomika v slovenských podmienkach – súčasnosť a perspektívy diplomová práca

Saved in:
Bibliographic Details
Main Author: Turányiová, Silvia
Corporate Author: Národohospodárska fakulta EU. Katedra sociálneho rozvoja a práce
Other Authors: Pongráczová, Eva, 1971-
Format: Book
Language:Slovak
Published: Bratislava 2018
Tags: Add Tag
No Tags, Be the first to tag this record!

MARC

LEADER 00000nbm a2200000 4500
001 0244211
005 20181127090228.6
041 0 |a slo 
044 |a SK 
245 1 0 |a Sociálna ekonomika v slovenských podmienkach – súčasnosť a perspektívy  |b diplomová práca  |c Silvia Turányiová ; školiteľ: Eva Pongrácz 
264 1 |a Bratislava  |c 2018 
300 |a 62 s. 
100 1 |a Turányiová, Silvia 
700 1 |a Pongráczová, Eva, 1971- 
710 2 |a Národohospodárska fakulta EU. Katedra sociálneho rozvoja a práce